00457nam a2200181 450000500170000000700040001700800040002104000090002505000150003410000210004924500630007025000120013326000470014530000230019250000190021565000170023470000240025120150421150723.0000000 aUOEL aQH345b.R3 aRafelson, Max E. aBasic biochemistry /cMax E. Rafelson, Stephen B. Binkley. a2nd ed. aNew York :bThe Macmillan Company ,c1968. aix, 381 p. :bill. aincludes index aBiochemistry aBinkley, Stephen B.